Central Library OPAC University of Rajshahi

Modern aspects of inorganic chemistry / (Record no. 10250)

MARC details
000 -LEADER
fixed length control field 00871nam a2200253 a 4500
001 - CONTROL NUMBER
control field 10250
003 - CONTROL NUMBER IDENTIFIER
rucl marc code BD-RjUL
005 - DATE AND TIME OF LATEST TRANSACTION
control field 20211208234924.0
008 - FIXED-LENGTH DATA ELEMENTS--GENERAL INFORMATION
fixed length control field 140123t19611960enka b 001 0 eng
035 ## - SYSTEM CONTROL NUMBER
System control number (BD-RjUL)10298
040 ## - CATALOGING SOURCE
Original cataloging agency DLC
Transcribing agency DLC
Modifying agency m/c
-- BD-RjUL
Language of cataloging eng
041 ## - LANGUAGE CODE
Language code of text/sound track or separate title eng
082 04 - DEWEY DECIMAL CLASSIFICATION NUMBER
Classification number 546
Edition number 16
Author mark and year EMM 1961
100 1# - MAIN ENTRY--PERSONAL NAME
Personal name Emeléus, H. J.
Fuller form of name (Harry Julius)
9 (RLIN) 31674
245 10 - TITLE STATEMENT
Title Modern aspects of inorganic chemistry /
Statement of responsibility, etc. by H. J. Emeléus and J. S. Anderson.
250 ## - EDITION STATEMENT
Edition statement 3rd ed. rev. and reset. , ELBS ed.
260 ## - PUBLICATION, DISTRIBUTION, ETC. (IMPRINT)
Place of publication, distribution, etc. London :
Name of publisher, distributor, etc. Routledge & K. Paul ; ELBS,
Date of publication, distribution, etc. c1960,c1961 [reprinted 1962,1963]
300 ## - PHYSICAL DESCRIPTION
Pagination xi, 611 p. :
Illustrations ill. ;
Size 23 cm.
504 ## - BIBLIOGRAPHY, ETC. NOTE
Bibliography, etc Includes bibliographical reference and index.
650 #0 - SUBJECT ADDED ENTRY--TOPICAL TERM
Topical term or geographic name as entry element Chemistry, Inorganic.
9 (RLIN) 31675
700 1# - ADDED ENTRY--PERSONAL NAME
Personal name Anderson, J. S.
Fuller form of name (John Stuart), jt. auth.
942 ## - ADDED ENTRY ELEMENTS (KOHA)
Source of classification or shelving scheme Dewey Decimal Classification
Koha item type Books
Holdings
Lost status Source of classification or shelving scheme Damaged status Not for loan Collection code Permanent Location Current Location Shelving location Date acquired Source of acquisition Cost, normal purchase price Total Checkouts Full call number Date last seen Copy number Koha item type
  Dewey Decimal Classification     Non-fiction Central Library, University of Rajshahi Central Library, University of Rajshahi   04/02/1963 Zeittinger 35.00   546 EMM 1961 23/01/2014 C-9 Books
  Dewey Decimal Classification   Not For Loan Non-fiction Central Library, University of Rajshahi Central Library, University of Rajshahi Reading Room 15/03/1963 Zeitlinger 35.00   546 EMM 1961 15/05/2017 C-1 Books
  Dewey Decimal Classification     Non-fiction Central Library, University of Rajshahi Central Library, University of Rajshahi   23/02/1976 Bangladesh books international 70.00   546 EMM 1963 17/05/2017 C-2 Books
  Dewey Decimal Classification     Non-fiction Central Library, University of Rajshahi Central Library, University of Rajshahi   15/03/1963 Zeithinger 35.00   546 EMM 1961 29/05/2017 C-3 Books
  Dewey Decimal Classification     Non-fiction Central Library, University of Rajshahi Central Library, University of Rajshahi   04/04/1974 Oxford university press     546 EMM 1963 07/06/2017 C-4 Books
  Dewey Decimal Classification     Non-fiction Central Library, University of Rajshahi Central Library, University of Rajshahi   08/12/2021 Colombo plan     546 EMM 1961 08/06/2017 C-5 Books
  Dewey Decimal Classification     Non-fiction Central Library, University of Rajshahi Central Library, University of Rajshahi   15/03/1963 Zeitlinger 35.00   546 EMM 1961 12/06/2017 C-6 Books
  Dewey Decimal Classification     Non-fiction Central Library, University of Rajshahi Central Library, University of Rajshahi   15/02/1965 British Council, Dacca     546 EMM 1961 19/09/2018 C-7 Books
  Dewey Decimal Classification     Non-fiction Central Library, University of Rajshahi Central Library, University of Rajshahi   13/12/1962 Swets & zeitlinger     546 EMM 1961 11/10/2018 C-8 Books
  Dewey Decimal Classification     Non-fiction Central Library, University of Rajshahi Central Library, University of Rajshahi   02/03/1961 U.K. Govt.     546 EMM 1960 23/01/2019 C-10 Books
  Dewey Decimal Classification     Non-fiction Central Library, University of Rajshahi Central Library, University of Rajshahi   15/03/1963 Zeitlinger 35.00   546 EMM 1961 02/03/2019 C-11 Books